LEADER 01435nam0 22003613i 450 001 SBL0540670 005 20231121125826.0 020 $aIT$b667660 100 $a20110905d1966 ||||0itac50 ba 101 | $aita 102 $ait 181 1$6z01$ai $bxxxe 182 1$6z01$an 200 1 $aTrama di vita$fHortense Calisher 210 $aMilano$cClub degli editori$dstampa 1966 215 $a276 p.$d20 cm 225 | $a˜Un œlibro al mese$i. F$v14 300 $aTraduzione di Ettore Capriolo. 410 0$1001VIA0034860$12001 $a˜Un œlibro al mese$i. F$v14 500 10$aTextures of life$3RAV0070212$9RAVV032991$93636827 676 $a813.52$9Narrativa americana in lingua inglese, 1900- 1945$v21 676 $a813.54$9Narrativa americana in lingua inglese. 1945-1999.$v22 700 1$aCalisher$b, Hortense$3RAVV032991$4070$01442198 702 1$aCapriolo$b, Ettore$f <1926-2013>$3CFIV014193 801 3$aIT$bIT-01$c20110905 850 $aIT-RM0289 $aIT-FR0017 899 $aBiblioteca Statale A. Baldini$bRM0289 899 $aBiblioteca umanistica Giorgio Aprea$bFR0017 $eN 912 $aSBL0540670 950 0$aBiblioteca umanistica Giorgio Aprea$d 52DLP Cal.Tra.$e 52SBA0000214025 VMB RS Donazione pro.sa Luciana Pirè$fA $h20161020$i20161020 977 $a 04$a 52 996 $aTextures of life$93636827 997 $aUNICAS LEADER 01621nam0 22003251i 450 001 UON00529709 005 20251112112715.517 010 $a978-88-15-38986-2 100 $a20251107d2024 |0itac50 ba 101 $aita 102 $aIT 105 $a|||| ||||| 200 1 $aˆIl ‰diritto dell'informazione e della comunicazione nell'era dell'intelligenza artificiale$estampa, radiotelevisione, telecomunicazioni, internet, teatro e cinema$fPaolo Caretti, Andrea Cardone 205 $a2. ed 210 $aBologna$cIl mulino$d2024 215 $a332 p.$d24 cm. 410 1$1001UON00481476$12001 $aManuali. Diritto$1210 $aBologna$cIl Mulino, 606 $aInformazione$xItalia$xDiritto$3UONC105265$2FI 620 $aIT$dBologna$3UONL000085 676 $a343.45099$cDIRITTO E CONTROLLO DELLE COMUNICAZIONI. ITALIA$v22 700 1$aCaretti$bPaolo$3UONV103778$0142515 701 1$aCardone$bAndrea$3UONV287853$0503425 712 $aIl Mulino$3UONV245824$4650 801 $aIT$bSOL$c20251212$gRICA 899 $aSIBA - SISTEMA BIBLIOTECARIO DI ATENEO E ARCHIVIO STORICO$2UONSI 912 $aUON00529709 950 $aSIBA - SISTEMA BIBLIOTECARIO DI ATENEO E ARCHIVIO STORICO$dSI PUB B 0488 $eSI 53294 5 0488 951 $aSIBA - SISTEMA BIBLIOTECARIO DI ATENEO E ARCHIVIO STORICO$bSI2025460 1J 20251107Bolla N° 42 del 07/11/2025 996 $aDiritto dell'informazione e della comunicazione nell'era dell'intelligenza artificiale$94452603 997 $aUNIOR